| 000 | 00488nam a2200169 a 4500 | ||
|---|---|---|---|
| 001 | 0294 | ||
| 005 | 20140414131942.0 | ||
| 008 | 040909s19uu xx 00 eng d | ||
| 020 | _a1-86504-137-7 | ||
| 050 |
_aTR 372.5 _bA1 1999 |
||
| 245 |
_aAt the circus with Lucky / _cIllustrated by Debbie Brown. |
||
| 260 |
_aAustralia : _bScholastic Australia, _c1999. |
||
| 300 | _a32 p. : ill. cm. | ||
| 650 |
_aCreative activities _xJuvinile literature. |
||
| 999 |
_c112613 _d112613 |
||